Medium, messenger, transmission : an approach to media philosophy /

This rich study provides a comprehensive introduction to media philosophy while offering a new perspective on the concept and function of transmission media in all systems of exchange. Krämer uses the figure of the messenger as a key metaphor, examining a diverse range of transmission events, includ...

Full description

Bibliographic Details
Main Author: Krämer, Sybille (Author)
Corporate Author: JSTOR (Organization)
Other Authors: Enns, Anthony (Translator)
Format: eBook
Language:English
Published: Amsterdam : Amsterdam University Press, [2015]
Series:Recursions: theories of media, materiality, and cultural techniques.
Subjects:
Online Access:Connect to the full text of this electronic book

MARC

Tag First Indicator Second Indicator Subfields
LEADER 00000cam a2200000 i 4500
001 in00004635382
006 m o d
007 cr cnu---unuuu
008 151217s2015 ne ob 001 0 eng d
005 20230103223442.8
035 |a (OCoLC)ocn932497774 
040 |a N$T  |b eng  |e rda  |e pn  |c N$T  |d N$T  |d OCLCO  |d YDXCP  |d IDEBK  |d CDX  |d JSTOR  |d OCLCO  |d EBLCP  |d DEBSZ  |d IDB  |d AGLDB  |d ICA  |d OCLCQ  |d OCLCO  |d ORE  |d OCLCQ  |d MERUC  |d IOG  |d VT2  |d OCLCQ  |d CHVBK  |d D6H  |d OAPEN  |d OCLCQ  |d OCLCA  |d UKKNU  |d KF5  |d CEF  |d VTS  |d OCLCQ  |d BIBBD  |d ICN  |d ZQP  |d OCLCA  |d SOI  |d OCLCQ  |d AU@  |d ERL  |d LOA  |d OCLCQ  |d STF  |d UPM  |d OCLCO  |d OTZ  |d OCLCQ  |d UX1  |d N$T  |d OCLCQ  |d OCLCO  |d OCL  |d OCLCQ 
019 |a 1175637728 
020 |a 9789048524990  |q (electronic bk.) 
020 |a 9048524997  |q (electronic bk.) 
020 |z 9780774829106 
020 |z 0774829109 
020 |z 9789089647412 
020 |z 9089647414 
020 |z 9780774829099 
035 |a (OCoLC)932497774  |z (OCoLC)1175637728 
037 |a 22573/ctt1961nbz  |b JSTOR 
037 |a 100153  |b Knowledge Unlatched 
041 1 |a eng  |h ger 
050 4 |a P91  |b .K6313 2015eb 
072 7 |a HM  |2 lcco 
072 7 |a B  |2 lcco 
072 7 |a PSY  |x 031000  |2 bisacsh 
072 7 |a ART000000  |2 bisacsh 
072 7 |a ART057000  |2 bisacsh 
082 0 4 |a 302.23  |2 23 
049 |a TXAM 
100 1 |a Krämer, Sybille,  |e author. 
240 1 0 |a Medium, Bote, Übertragung.  |l English 
245 1 0 |a Medium, messenger, transmission :  |b an approach to media philosophy /  |c Sybille Krämer ; translated by Anthony Enns. 
264 1 |a Amsterdam :  |b Amsterdam University Press,  |c [2015] 
264 4 |c ©2015 
300 |a 1 online resource (269 pages) 
336 |a text  |b txt  |2 rdacontent 
337 |a computer  |b c  |2 rdamedia 
338 |a online resource  |b cr  |2 rdacarrier 
490 1 |a Recursions: theories of media, materiality, and cultural techniques 
504 |a Includes bibliographical references (pages 247-259) and indexes. 
520 |a This rich study provides a comprehensive introduction to media philosophy while offering a new perspective on the concept and function of transmission media in all systems of exchange. Krämer uses the figure of the messenger as a key metaphor, examining a diverse range of transmission events, including the circulation of money, translation of languages, angelic visitations, spread of infectious diseases, and processes of transference and counter-transference that occur during psychoanalysis. 
588 0 |a Print version record. 
505 0 |a Introduction : the media philosphy of Sybille Kr©Þmer -- Prologue -- Methodological considerations. 
542 1 |f This work is licensed by Knowledge Unlatched under a Creative Commons license  |u https://creativecommons.org/licenses/by-nc/4.0/legalcode 
650 0 |a Mass media  |x Philosophy. 
650 0 |a Communication  |x Philosophy. 
650 0 |a Metaphysics. 
650 0 |a First philosophy. 
650 6 |a Médias  |x Philosophie. 
650 6 |a Information  |x Philosophie. 
650 6 |a Métaphysique. 
650 7 |a metaphysics.  |2 aat 
650 7 |a The arts.  |2 bicssc 
650 7 |a Film, TV and radio.  |2 bicssc 
650 7 |a Films, cinema.  |2 bicssc 
650 7 |a Film theory and criticism.  |2 bicssc 
650 7 |a PSYCHOLOGY  |x Social Psychology.  |2 bisacsh 
650 7 |a ART  |x General.  |2 bisacsh 
650 7 |a First philosophy.  |2 fast  |0 (OCoLC)fst00925784 
650 7 |a Communication  |x Philosophy.  |2 fast  |0 (OCoLC)fst00869981 
650 7 |a Mass media  |x Philosophy.  |2 fast  |0 (OCoLC)fst01011275 
650 7 |a Metaphysics.  |2 fast  |0 (OCoLC)fst01018304 
650 7 |a Medien  |2 gnd 
650 7 |a Medialität  |2 gnd 
650 7 |a Medientheorie  |2 gnd 
650 7 |a Medienphilosophie  |2 gnd 
650 7 |a Vermittlung  |g Philosophie  |2 gnd 
655 7 |a Electronic books.  |2 local 
700 1 |a Enns, Anthony,  |e translator. 
700 1 |i Translation of:  |a Krämer, Sybille.  |t Medium, Bote, Übertragung. 
710 2 |a JSTOR (Organization) 
776 0 8 |i Print version:  |a Krämer, Sybille.  |s Medium, Bote, Übertragung. English.  |t Medium, messenger, transmission  |z 9789089647412  |w (OCoLC)891615391 
830 0 |a Recursions: theories of media, materiality, and cultural techniques. 
856 4 0 |u https://www.jstor.org/stable/10.2307/j.ctt19630z0  |z Connect to the full text of this electronic book  |t 0 
955 |a JSTOR Open Access ebooks 
994 |a 92  |b TXA 
999 f f |s b2f82311-5741-4a73-875e-ff5797087555  |i 2a227cf2-d9a8-4825-aa36-cfcd42bd8483  |t 0 
952 f f |a Texas A&M University  |b College Station  |c Electronic Resources  |d Available Online  |t 0  |e P91 .K6313 2015eb  |h Library of Congress classification 
998 f f |a P91 .K6313 2015eb  |t 0  |l Available Online